<?xml version="1.0" encoding="UTF-8"?>
<record
    xmlns:xsi="http://www.w3.org/2001/XMLSchema-instance"
    xsi:schemaLocation="http://www.loc.gov/MARC21/slim http://www.loc.gov/standards/marcxml/schema/MARC21slim.xsd"
    xmlns="http://www.loc.gov/MARC21/slim">

  <leader>00258nam a2200097Ia 4500</leader>
  <controlfield tag="001">1300502</controlfield>
  <controlfield tag="005">20260420095905.0</controlfield>
  <controlfield tag="008">260420s9999    xx            000 0 und d</controlfield>
  <datafield tag="245" ind1=" " ind2="0">
    <subfield code="a">&#xC7;ILGIN G&#xDC;VERC&#x130;NLER</subfield>
    <subfield code="c">MERYEM TA&#x15E;&#xC7;I</subfield>
  </datafield>
  <datafield tag="260" ind1=" " ind2=" ">
    <subfield code="b">G&#x130;ZEML&#x130; BAH&#xC7;E YAYINLARI</subfield>
  </datafield>
  <datafield tag="999" ind1=" " ind2=" ">
    <subfield code="c">1300502</subfield>
    <subfield code="d">1300502</subfield>
  </datafield>
  <datafield tag="952" ind1=" " ind2=" ">
    <subfield code="0">0</subfield>
    <subfield code="1">0</subfield>
    <subfield code="4">0</subfield>
    <subfield code="7">0</subfield>
    <subfield code="a">1105</subfield>
    <subfield code="b">1105</subfield>
    <subfield code="d">2026-04-20</subfield>
    <subfield code="l">0</subfield>
    <subfield code="p">11055682</subfield>
    <subfield code="r">2026-04-20 09:59:05</subfield>
    <subfield code="w">2026-04-20</subfield>
    <subfield code="y">BK</subfield>
  </datafield>
</record>
